000 00641nam a2200205Ia 4500
003 GCL
008 140319s9999 xx 000 0 ara d
040 _aGCL /
_cGCL
082 0 4 _aط
_b001.2
_bد م
100 1 _aاحمد نجيب
245 1 0 _aماذا تعلم عن : سر المنقار الاحمر /
_cاحمد نجيب
250 _aالثانية
260 _aالقاهرة :
_bدار المعارف ،
_c1987
300 _a16 ص ؛
_c30سم
490 _aماذا تعلم عن
_v1
650 0 4 _aقصص الاطفال
650 0 4 _aالمعارف العامة
650 0 4 _aالمعلومات العامه
942 _2ddc
_cBK
999 _c9124
_d9124